000
00189 a2200097 4500
020
_a
0-590-45030-1
041
_a
eng
100
_a
Lois Ehlert
245
_a
Growing Vegetable Soup
942
_c
BK
999
_c
9518
_d
9518